[Event "Karlsruhe Grenke op"]
[Site "Karlsruhe"]
[Date "2025.04.21"]
[Round "8"]
[White "Stankovic, Milos"]
[Black "Palozza, Christian"]
[Result "1/2-1/2"]
[WhiteElo "2439"]
[BlackElo "2257"]
[PlyCount "90"]
[EventDate "2025.04.17"]
[EventType "swiss"]
[EventRounds "9"]
[EventCountry "GER"]
[SourceTitle "CB17_2025"]
[SourceDate "2025.04.23"]
[SourceVersion "1"]
[SourceVersionDate "2025.04.23"]
[SourceQuality "1"]

1. e4 c6 2. Nf3 d5 3. d3 Qc7 4. Nc3 Nf6 5. e5 Ng8 6. d4 Bg4 7. Be2 e6 8. 0-0 Nd7 9. Ng5 Bxe2 10. Qxe2 Be7 11. Qh5 Bxg5 12. Qxg5 g6 13. b3 f6 14. exf6 Ngxf6 15. Re1 Kf7 16. Bf4 Qa5 17. Bd2 Qc7 18. Re2 Rae8 19. Rae1 h6 20. Qh4 g5 21. Qh3 Nf8 22. Na4 b6 23. Bxg5 hxg5 24. Qxh8 N8h7 25. Qxe8+ Nxe8 26. Rxe6 Nef6 27. Nb2 Nf8 28. R6e5 g4 29. Nd3 Ng6 30. Rf5 Qd7 31. Rg5 Qc8 32. f3 gxf3 33. gxf3 Nh7 34. Rh5 Nf6 35. Rg5 Nh7 36. Rh5 Nhf8 37. Kf2 Ne6 38. Rg1 Nef4 39. Rh7+ Kf6 40. Rg4 Nxd3+ 41. cxd3 Qf8 42. a3 c5 43. h4 cxd4 44. Rh5 Qe7 45. Rxd4 Qxa3 1/2-1/2

[Event "Pozarevac Rudar GM 03"]
[Site "Pozarevac"]
[Date "2025.04.02"]
[Round "5"]
[White "Stankovic, Milos"]
[Black "Khodko, Yurii N"]
[Result "1-0"]
[WhiteElo "2440"]
[BlackElo "2354"]
[PlyCount "59"]
[EventDate "2025.03.30"]
[EventType "tourn"]
[EventRounds "9"]
[EventCountry "SRB"]
[EventCategory "6"]
[SourceTitle "CB15_2025"]
[SourceDate "2025.04.09"]
[SourceVersion "1"]
[SourceVersionDate "2025.04.09"]
[SourceQuality "1"]

1. e4 e6 2. d4 d5 3. e5 c5 4. c3 Qb6 5. Nf3 Nc6 6. Bd3 cxd4 7. 0-0 dxc3 8. Nxc3 Nge7 9. Re1 a6 10. Be3 Qc7 11. Rc1 Ng6 12. Na4 Bb4 13. Bd2 Be7 14. h4 Nf8 15. Nd4 Nd7 16. Qg4 g6 17. Qg3 Ndb8 18. h5 Qd8 19. Nf3 b5 20. Nc5 Qb6 21. Nb3 Nd7 22. Bg5 Bb7 23. Qh4 Bxg5 24. Nxg5 Ncxe5 25. hxg6 f6 26. Nxh7 Rxh7 27. gxh7 Ke7 28. h8Q Rxh8 29. Qxh8 Nxd3 30. Qh7+ 1-0

[Event "Titled Tuesday intern op 11th Feb Early"]
[Site "Chess.com INT"]
[Date "2025.02.11"]
[Round "3"]
[White "Herpai, Jozsef Matyas"]
[Black "Stankovic, Milos"]
[Result "0-1"]
[WhiteElo "2052"]
[BlackElo "2442"]
[PlyCount "108"]
[EventDate "2025.02.11"]
[EventType "swiss (blitz)"]
[EventRounds "11"]
[EventCountry "USA"]
[SourceTitle "CB08_2025"]
[SourceDate "2025.02.19"]
[SourceVersion "1"]
[SourceVersionDate "2025.02.19"]
[SourceQuality "1"]

1. e4 e5 2. Nf3 Nc6 3. d4 exd4 4. Nxd4 Qh4 5. Nc3 Bb4 6. Be2 Qxe4 7. Ndb5 Bxc3+ 8. bxc3 Kd8 9. 0-0 Nf6 10. Bf3 Qc4 11. Nd4 Nxd4 12. cxd4 d5 13. Bg5 Be6 14. Qd2 Re8 15. Qf4 Kd7 16. Bxf6 gxf6 17. Qxf6 Qxc2 18. Rac1 Qg6 19. Qe5 c6 20. Rb1 Rab8 21. Qf4 Bf5 22. Rb4 Be4 23. Bxe4 dxe4 24. Rfb1 b6 25. Rc1 Rbc8 26. Ra4 a5 27. Rac4 Re7 28. h4 e3 29. fxe3 Qe4 30. Qf6 Rg8 31. Qxc6+ Qxc6 32. Rxc6 Rxe3 33. Rc7+ Ke6 34. R1c6+ Kd5 35. Rxb6 Re2 36. Rd7+ Kc4 37. Rc6+ Kb5 38. Rc5+ Ka4 39. Rc4+ Ka3 40. Rc5 Rgxg2+ 41. Kf1 Rgf2+ 42. Kg1 Rg2+ 43. Kf1 Ref2+ 44. Ke1 a4 45. Rc4 Rxa2 46. Kf1 Raf2+ 47. Ke1 Rc2 48. Rxc2 Rxc2 49. Rxf7 Kb2 50. Ra7 a3 51. d5 a2 52. Rxa2+ Kxa2 53. d6 Rc6 54. Kd2 Rxd6+ 0-1

[Event "Titled Tuesday intern op 11th Feb Early"]
[Site "Chess.com INT"]
[Date "2025.02.11"]
[Round "8"]
[White "Stankovic, Milos"]
[Black "Fiskaaen, Martin Holten"]
[Result "1-0"]
[WhiteElo "2442"]
[BlackElo "2297"]
[PlyCount "37"]
[EventDate "2025.02.11"]
[EventType "swiss (blitz)"]
[EventRounds "11"]
[EventCountry "USA"]
[SourceTitle "CB09_2025"]
[SourceDate "2025.02.27"]
[SourceVersion "1"]
[SourceVersionDate "2025.02.27"]
[SourceQuality "1"]

1. d4 Nf6 2. Bg5 d5 3. Nd2 c6 4. e3 Bf5 5. Bd3 Bxd3 6. cxd3 e6 7. f4 h6 8. Bxf6 Qxf6 9. Ngf3 g5 10. 0-0 Bd6 11. Ne5 Bxe5 12. fxe5 Qe7 13. Qh5 Nd7 14. Rf3 Nf8 15. Raf1 Ng6 16. Rxf7 Qxf7 17. Rxf7 Kxf7 18. Qf3+ Ke8 19. Qf6 1-0

[Event "Titled Tuesday intern op 11th Feb Early"]
[Site "Chess.com INT"]
[Date "2025.02.11"]
[Round "6"]
[White "Stankovic, Milos"]
[Black "Myagmarsuren, Evsuld"]
[Result "0-1"]
[WhiteElo "2442"]
[BlackElo "2296"]
[PlyCount "62"]
[EventDate "2025.02.11"]
[EventType "swiss (blitz)"]
[EventRounds "11"]
[EventCountry "USA"]
[SourceTitle "CB08_2025"]
[SourceDate "2025.02.19"]
[SourceVersion "1"]
[SourceVersionDate "2025.02.19"]
[SourceQuality "1"]

1. d4 d5 2. Nc3 Nf6 3. Bf4 c5 4. e3 e6 5. Nb5 Na6 6. c3 Qb6 7. a4 cxd4 8. exd4 Bd7 9. Nf3 Ne4 10. Ne5 Nd6 11. Nxd7 Kxd7 12. Qf3 f6 13. Bd3 Nc7 14. Nxc7 Qxc7 15. 0-0 a6 16. Rfe1 Re8 17. Qh3 g5 18. Bg3 h5 19. f3 h4 20. Rxe6 Rxe6 21. Re1 hxg3 22. Qxe6+ Kc6 23. hxg3 Bg7 24. c4 dxc4 25. Rc1 Kb6 26. Rxc4 Qd8 27. Rb4+ Ka7 28. Qd5 Re8 29. Qc5+ Ka8 30. Bxa6 Qd7 31. Qa5 Kb8 0-1

[Event "Titled Tuesday intern op 04th Feb Early"]
[Site "Chess.com INT"]
[Date "2025.02.04"]
[Round "2"]
[White "Samunenkov, Igor"]
[Black "Stankovic, Milos"]
[Result "1-0"]
[WhiteElo "2550"]
[BlackElo "2442"]
[PlyCount "119"]
[EventDate "2025.02.04"]
[EventType "swiss (blitz)"]
[EventRounds "11"]
[EventCountry "USA"]
[SourceTitle "CB07_2025"]
[SourceDate "2025.02.12"]
[SourceVersion "1"]
[SourceVersionDate "2025.02.12"]
[SourceQuality "1"]

1. d4 Nf6 2. c4 e6 3. Nc3 d5 4. cxd5 exd5 5. Bg5 Be7 6. e3 0-0 7. Bd3 Re8 8. Nf3 h6 9. Bf4 Bd6 10. Be5 Nc6 11. Bxf6 Qxf6 12. Nxd5 Qd8 13. h3 Bg3 14. fxg3 Qxd5 15. Kf2 Bf5 16. a3 Rad8 17. Rc1 Bxd3 18. Qxd3 Qa2 19. Rc2 Ne7 20. Qc4 Qxc4 21. Rxc4 c6 22. g4 Nd5 23. Re1 Nf6 24. Nd2 Rd7 25. b4 a5 26. bxa5 Rd5 27. Nb3 Ne4+ 28. Kg1 Nd6 29. Rb4 f5 30. gxf5 Rxf5 31. Nc5 Ra8 32. e4 Rg5 33. e5 Nf5 34. e6 Nh4 35. Re2 Nf3+ 36. Kh1 Nxd4 37. Rxd4 Rxc5 38. Rd7 Re8 39. Rxb7 Rxa5 40. Re3 Rd5 41. a4 Ra5 42. Rg3 Rg5 43. Re3 Ra5 44. Re4 c5 45. Rg4 g5 46. Re4 c4 47. Rxc4 Re5 48. Rcc7 R5xe6 49. Rg7+ Kh8 50. a5 Re1+ 51. Kh2 Ra1 52. Rh7+ Kg8 53. Rbg7+ Kf8 54. Ra7 Kg8 55. Rxh6 Ra2 56. Rg6+ Kf8 57. Rxg5 Ree2 58. Rag7 Ke8 59. Rh5 Kf8 60. Rg4 1-0

[Event "Titled Tuesday intern op 04th Feb Early"]
[Site "Chess.com INT"]
[Date "2025.02.04"]
[Round "8"]
[White "Stankovic, Milos"]
[Black "Masruri, Rahman"]
[Result "0-1"]
[WhiteElo "2442"]
[BlackElo "2327"]
[PlyCount "108"]
[EventDate "2025.02.04"]
[EventType "swiss (blitz)"]
[EventRounds "11"]
[EventCountry "USA"]
[SourceTitle "CB07_2025"]
[SourceDate "2025.02.12"]
[SourceVersion "1"]
[SourceVersionDate "2025.02.12"]
[SourceQuality "1"]

1. d4 e6 2. e4 d5 3. e5 c5 4. c3 Nc6 5. Nf3 Qb6 6. Bd3 cxd4 7. 0-0 Bd7 8. Re1 a5 9. a3 a4 10. Bc2 Bc5 11. cxd4 Nxd4 12. Nc3 Nxc2 13. Qxc2 Ne7 14. Bg5 0-0 15. Rad1 Rfc8 16. h4 h6 17. Bf4 Nf5 18. g4 Nd4 19. Nxd4 Bxd4 20. g5 h5 21. g6 fxg6 22. Qxg6 Rf8 23. Be3 Bxe3 24. Rxe3 Be8 25. Nxd5 Bxg6 26. Nxb6 Ra5 27. Rd7 Rb5 28. Rxb7 Rxb2 29. Rg3 Kh7 30. Nd7 Rbxf2 31. Nxf8+ Rxf8 32. Rc3 Be4 33. Ra7 Rf4 34. Rcc7 Rg4+ 35. Kf2 Bd5 36. Ke3 Kh6 37. Kd3 Bb3 38. Kc3 Rg3+ 39. Kb2 Rg2+ 40. Kc3 Rc2+ 41. Kb4 Rxc7 42. Rxc7 g5 43. hxg5+ Kxg5 44. Rg7+ Kh6 45. Rg8 h4 46. Kc3 Kh5 47. Kd3 h3 48. Ke3 Bd5 49. Kf4 Bg2 50. Rh8+ Kg6 51. Rg8+ Kf7 52. Rh8 Ke7 53. Rh7+ Kf8 54. Kg5 Kg8 0-1

[Event "Titled Tuesday intern op 28th Jan Early"]
[Site "Chess.com INT"]
[Date "2025.01.28"]
[Round "11"]
[White "Sadovsky, Artem"]
[Black "Stankovic, Milos"]
[Result "0-1"]
[WhiteElo "2268"]
[BlackElo "2458"]
[PlyCount "78"]
[EventDate "2025.01.28"]
[EventType "swiss (blitz)"]
[EventRounds "11"]
[EventCountry "USA"]
[SourceTitle "CB06_2025"]
[SourceDate "2025.02.05"]
[SourceVersion "1"]
[SourceVersionDate "2025.02.05"]
[SourceQuality "1"]

1. Nf3 Nf6 2. b3 c5 3. Bb2 Nc6 4. e3 e6 5. c4 d5 6. cxd5 exd5 7. d4 cxd4 8. Nxd4 Bd7 9. Be2 Bd6 10. 0-0 0-0 11. h3 a6 12. Nxc6 bxc6 13. Nd2 a5 14. Bd3 Re8 15. Qc2 h6 16. Rfc1 Qe7 17. Bf5 Bxf5 18. Qxf5 Rec8 19. Bxf6 Qxf6 20. Qxf6 gxf6 21. Rc2 a4 22. Rac1 c5 23. e4 d4 24. b4 d3 25. Rc4 Bf4 26. Rd1 cxb4 27. Rxb4 Rc2 28. Nf1 Rxa2 29. Rxd3 Ra1 30. g3 Be5 31. f4 Bc7 32. Rb7 a3 33. Rxa3 R8xa3 34. Rxc7 Rf3 35. Kg2 Raxf1 36. h4 R1f2+ 37. Kh3 Re3 38. Kg4 Rg2 39. Kf5 Kg7 0-1

[Event "Titled Tuesday intern op 28th Jan Early"]
[Site "Chess.com INT"]
[Date "2025.01.28"]
[Round "10"]
[White "Stankovic, Milos"]
[Black "Erzhanov, Arman"]
[Result "1/2-1/2"]
[WhiteElo "2458"]
[BlackElo "2132"]
[PlyCount "76"]
[EventDate "2025.01.28"]
[EventType "swiss (blitz)"]
[EventRounds "11"]
[EventCountry "USA"]
[SourceTitle "CB06_2025"]
[SourceDate "2025.02.05"]
[SourceVersion "1"]
[SourceVersionDate "2025.02.05"]
[SourceQuality "1"]

1. d4 d5 2. Nc3 e6 3. e4 dxe4 4. Nxe4 Nd7 5. Nf3 Ngf6 6. Bg5 Be7 7. Bxf6 Nxf6 8. Nxf6+ Bxf6 9. Qd2 Qd5 10. Qf4 Qa5+ 11. c3 0-0 12. Bd3 c5 13. Qe4 g6 14. h4 cxd4 15. Nxd4 h5 16. Nb3 Qd5 17. Qxd5 exd5 18. 0-0-0 b6 19. Bb5 Be6 20. Nd4 Rfd8 21. Rhe1 Rd6 22. g3 Bg4 23. Rd2 Rad8 24. Kc2 Kf8 25. Nc6 Ra8 26. Nd4 a6 27. Be2 Bd7 28. Bf3 Rd8 29. Red1 Bc8 30. a4 Bg7 31. Kb3 Bh6 32. Re2 Bd7 33. Ka3 Bg7 34. Nc2 Be6 35. Red2 Bh6 36. Re2 Bg7 37. Red2 Bh6 38. Re2 Bg7 1/2-1/2

[Event "Titled Tuesday intern op 28th Jan Early"]
[Site "Chess.com INT"]
[Date "2025.01.28"]
[Round "8"]
[White "Stankovic, Milos"]
[Black "Valle Luis, Leo"]
[Result "1-0"]
[WhiteElo "2458"]
[BlackElo "2235"]
[PlyCount "67"]
[EventDate "2025.01.28"]
[EventType "swiss (blitz)"]
[EventRounds "11"]
[EventCountry "USA"]
[SourceTitle "CB06_2025"]
[SourceDate "2025.02.05"]
[SourceVersion "1"]
[SourceVersionDate "2025.02.05"]
[SourceQuality "1"]

1. d4 Nf6 2. Nc3 d5 3. Bf4 g6 4. e3 Bg7 5. h4 h5 6. Nf3 a6 7. Ne5 Nbd7 8. Qf3 c6 9. Bd3 Nxe5 10. Bxe5 Bg4 11. Qg3 Qd7 12. f3 Bf5 13. Na4 Qe6 14. Nc5 Qc8 15. e4 dxe4 16. fxe4 Bg4 17. 0-0 0-0 18. Bc4 b6 19. Nd3 Nxe4 20. Qe3 Nf6 21. Nf4 Kh7 22. Bd3 Bf5 23. Bxf6 exf6 24. Nxh5 Bxd3 25. Qxd3 f5 26. Nxg7 Kxg7 27. Rae1 Qd7 28. Re5 Rh8 29. d5 cxd5 30. Qd4 Qc6 31. Re6+ Kh7 32. Rxc6 Rac8 33. Rxc8 Rxc8 34. Qf6 1-0

[Event "Palmanova op 13th"]
[Site "Palmanova"]
[Date "2024.12.29"]
[Round "3"]
[White "Reza, Wojciech"]
[Black "Stankovic, Milos"]
[Result "1/2-1/2"]
[WhiteElo "2227"]
[BlackElo "2462"]
[PlyCount "83"]
[EventDate "2024.12.27"]
[EventType "swiss"]
[EventRounds "9"]
[EventCountry "ITA"]
[SourceTitle "CB02_2025"]
[SourceDate "2025.01.08"]
[SourceVersion "1"]
[SourceVersionDate "2025.01.08"]
[SourceQuality "1"]

1. Nf3 Nf6 2. c4 c5 3. Nc3 Nc6 4. d4 cxd4 5. Nxd4 g6 6. e4 Bg7 7. Be3 0-0 8. Be2 d6 9. 0-0 Bd7 10. Nc2 Rc8 11. f3 Nh5 12. Qd2 Qa5 13. b4 Qd8 14. f4 f5 15. Rad1 Nf6 16. c5 fxe4 17. b5 Na5 18. Nxe4 Nxe4 19. Qd5+ Kh8 20. Qxe4 Bf5 21. Qa4 Qc7 22. Nb4 dxc5 23. Nd5 Qd8 24. g4 Be6 25. Qe4 Bg8 26. Nf6 Qc7 27. Rd7 Qb6 28. Nxg8 Rxg8 29. Rxe7 a6 30. Rb1 Qf6 31. Rd1 axb5 32. Bxb5 Qb2 33. a4 Nc6 34. Rxb7 Nd4 35. Bc4 Qa3 36. Bxg8 Qxa4 37. Rxd4 cxd4 38. Rxg7 Qd1+ 39. Kf2 dxe3+ 40. Kg3 Qe1+ 41. Kh3 Kxg7 42. Qb7+ 1/2-1/2